Statistics for NBA Player With Most Points Per Game by Letter

Click here to take the quiz!

General Stats

  • This quiz has been taken 177 times
    (35 since last reset)
  • The average score is 11 of 24

Answer Stats

LetterPPGPlayer% Correct
D32.4Luka Doncic
93%
E33.1Joel Embiid
90%
A31.1Giannis Antetokounmpo
83%
J24.5Nikola Jokić
83%
T30.1Jayson Tatum
79%
Y26.2Trae Young
72%
L32.2Damian Lillard
69%
B26.6Jaylen Brown
66%
H21.0James Harden
62%
M28.3Donovan Mitchell
59%
G31.4Shai Gilgeous-Alexander
59%
I27.1Kyrie Irving
52%
S24.2Pascal Siakam
34%
F25.0De’Aaron Fox
31%
Z10.8Ivica Zubac
24%
R25.1Julius Randle
24%
V19.3Fred VanVleet
21%
Q
14.9Immanuel Quickley
21%
P23.2Kristaps Porzingis
21%
W18.6Franz Wagner
10%
K21.2Kyle Kuzma
10%
N10.8Jaylen Nowell
3%
C20.8Jordan Clarkson
3%
O12.5Kelly Olynyk
3%

Score Distribution

Percentile by Number Answered

Percent of People with Each Score

Your Score History

You have not taken this quiz since the last reset